Hydroizolácie spodných častí stavieb fóliami FATRAFOL

Bibliographic Details
Main Author: Korecký, Vladimír (Author)
Format: Article
Language:Slovak
ISSN:1335-1249
Subjects:

MARC

LEADER 00000nab a2200000 a 4500
001 vtls000758157
003 SK-MaSNL
005 20260304113630.0
008 250429c2001 xo 0 slo
015 |a SNBRB2001/05-15716 
035 |a CLN000109944 
035 |a urn:nbn:sk:snk-abah6z 
035 |a (urnnbn)urn:nbn:sk:snk:ar-008g5x 
035 |a (uuid)877afd7e-bead-4708-8bc1-18100318df00 
040 |a SNKBUCL  |b slo  |c SNKBUCL  |e AACR2 
041 0 |a slo 
044 |a xo  |c SK 
080 |a 699.86  |2 1997 
080 |a 678  |2 1997 
100 1 |a Korecký, Vladimír  |4 aut  |9 867350 
245 1 0 |a Hydroizolácie spodných častí stavieb fóliami FATRAFOL  |c Vladimír Korecký 
650 0 7 |a FATRAFOL (hydroizolačná fólia)  |2 snkbucl  |9 907817 
655 7 |a články z novín a časopisov  |2 snkbucl  |9 267496 
773 0 |t Eurostav  |g Roč. 7, č. 3 (2001), s. 16-17  |x 1335-1249 
850 |a Slovenská národná knižnica 
852 |a Slovenská národná knižnica 
954 |a odborná, vedecká literatúra pôvodná (slovenská)  |2 lita 
958 |a article14 
958 |a OND 
958 |a SK 
958 |a EUIPO 
992 |a RBX 
999 |c 2870183  |d 2872113